<?xml version="1.0" encoding="UTF-8"?>
<record
    xmlns:xsi="http://www.w3.org/2001/XMLSchema-instance"
    xsi:schemaLocation="http://www.loc.gov/MARC21/slim http://www.loc.gov/standards/marcxml/schema/MARC21slim.xsd"
    xmlns="http://www.loc.gov/MARC21/slim">

  <leader>00987nam a22002777a 4500</leader>
  <controlfield tag="005">20240903113312.0</controlfield>
  <datafield tag="010" ind1=" " ind2=" ">
    <subfield code="a">ENG-141571</subfield>
  </datafield>
  <datafield tag="020" ind1=" " ind2=" ">
    <subfield code="a">9789390927753</subfield>
    <subfield code="c">175.00</subfield>
  </datafield>
  <datafield tag="035" ind1=" " ind2=" ">
    <subfield code="a">EN-125103</subfield>
  </datafield>
  <datafield tag="037" ind1=" " ind2=" ">
    <subfield code="b">DBAD/PUB</subfield>
  </datafield>
  <datafield tag="082" ind1=" " ind2=" ">
    <subfield code="a">000</subfield>
  </datafield>
  <datafield tag="100" ind1=" " ind2=" ">
    <subfield code="a">Upadhyay,Anubhav</subfield>
    <subfield code="9">70867</subfield>
  </datafield>
  <datafield tag="245" ind1=" " ind2=" ">
    <subfield code="a">General Studies Preview</subfield>
    <subfield code="c">Upadhyay,Anubhav ;Srivastva Rishabha[and] Tripathi,Alok...[et.al]</subfield>
    <subfield code="h">Englih</subfield>
  </datafield>
  <datafield tag="260" ind1=" " ind2=" ">
    <subfield code="a">Prayagraj(Allahbad)</subfield>
    <subfield code="b">Sam-Samayik Ghatna Chakra</subfield>
    <subfield code="c">2022</subfield>
  </datafield>
  <datafield tag="270" ind1=" " ind2=" ">
    <subfield code="a">188A/128,Allenganj,Churchlane</subfield>
    <subfield code="b">Prayagraj(Allahbad)</subfield>
    <subfield code="k">9335140296</subfield>
    <subfield code="e">211002</subfield>
  </datafield>
  <datafield tag="300" ind1=" " ind2=" ">
    <subfield code="a"> 240p.</subfield>
    <subfield code="c">27 cm(pbk)</subfield>
  </datafield>
  <datafield tag="700" ind1=" " ind2=" ">
    <subfield code="a">Srivastva,Rishabha</subfield>
    <subfield code="e">Author</subfield>
    <subfield code="9">70868</subfield>
  </datafield>
  <datafield tag="700" ind1=" " ind2=" ">
    <subfield code="a">Tripathi,Alok</subfield>
    <subfield code="e">Author</subfield>
    <subfield code="9">70869</subfield>
  </datafield>
  <datafield tag="700" ind1=" " ind2=" ">
    <subfield code="a">Yogesh Pratap Singh</subfield>
    <subfield code="e">Author</subfield>
    <subfield code="9">70870</subfield>
  </datafield>
  <datafield tag="700" ind1=" " ind2=" ">
    <subfield code="a">Shukla,Kameshwar</subfield>
    <subfield code="e">Author</subfield>
    <subfield code="9">70871</subfield>
  </datafield>
  <datafield tag="700" ind1=" " ind2=" ">
    <subfield code="a">Yadav,Rahul</subfield>
    <subfield code="e">Author</subfield>
    <subfield code="9">70872</subfield>
  </datafield>
  <datafield tag="700" ind1=" " ind2=" ">
    <subfield code="a">Gupta,Amit</subfield>
    <subfield code="e">Author</subfield>
    <subfield code="9">70873</subfield>
  </datafield>
  <datafield tag="700" ind1=" " ind2=" ">
    <subfield code="a">Prakash,Gyan</subfield>
    <subfield code="e">Author</subfield>
    <subfield code="9">70874</subfield>
  </datafield>
  <datafield tag="700" ind1=" " ind2=" ">
    <subfield code="a">Raj,Vicky</subfield>
    <subfield code="e">Author</subfield>
    <subfield code="9">70875</subfield>
  </datafield>
  <datafield tag="942" ind1=" " ind2=" ">
    <subfield code="2">ddc</subfield>
    <subfield code="c">EN</subfield>
    <subfield code="h">000</subfield>
    <subfield code="m">UPA</subfield>
  </datafield>
  <datafield tag="999" ind1=" " ind2=" ">
    <subfield code="c">205480</subfield>
    <subfield code="d">205480</subfield>
  </datafield>
  <datafield tag="952" ind1=" " ind2=" ">
    <subfield code="0">0</subfield>
    <subfield code="1">0</subfield>
    <subfield code="4">0</subfield>
    <subfield code="7">0</subfield>
    <subfield code="8">NFIC</subfield>
    <subfield code="a">BL4</subfield>
    <subfield code="b">BL4</subfield>
    <subfield code="d">2024-09-03</subfield>
    <subfield code="e">DBAD</subfield>
    <subfield code="g">175.00</subfield>
    <subfield code="l">2</subfield>
    <subfield code="m">1</subfield>
    <subfield code="o">000 UPA</subfield>
    <subfield code="p">EN-125103</subfield>
    <subfield code="q">2026-06-08</subfield>
    <subfield code="r">2026-05-25 16:47:54</subfield>
    <subfield code="s">2026-05-25</subfield>
    <subfield code="t">1</subfield>
    <subfield code="v">175.00</subfield>
    <subfield code="w">2024-09-03</subfield>
    <subfield code="y">EN</subfield>
  </datafield>
</record>
